01114cam a2200277 4500001001300000003000400013005001700017008004100034010001700075025001900092040002800111050002200139082001200161111006600173245001700239260009800256300005900354350001000413440003600423500019300459504002900652650003500681610005200716710005100768999001700819sa 68013702 DLC20260227112624.0691209s1967 ii ab b 100 0 eng  asa 68013702  aPL480:I-E-9693 aDLCcDLCdDLCdICUdDLC00aQC801b.H68 no. 800a551.1/12 aSymposium on Upper Mantle Projectd(1970 :cHyderabad, India)00aProceedings. aHyderabad, India,bGeophysics Research Board, National Geophysical Research Institutec[1967] axxxviii, 540, iv p.billus., maps (part fold.)c25 cm. a25.00 0aGRB & NGRI publication ;vno. 8 a"Sponsored by the Geophysics Research Board, the National Geophysical Research Institute, the Indian Geophysical Union, the Geological Society of India and the Geological Survey of India." aIncludes bibliographies. 0aGeophysicszIndiavCongresses.20aInternational Upper Mantle ProjectvCongresses.1 aHyderabad (India).bGeophysics Research Board. c85273d85273